000 00738nam a2200217 a 4500
999 _c3252
_d3252
003 PK-NaQUE
005 20250506110352.0
008 250506b ||||| |||| 00| 0 eng d
020 _a0521672945 (paperback)
020 _a9780521672948 (paperback)
040 _cQUEST
100 1 _aBrook-Hart, Guy.
245 1 0 _aCambridge Business Benchmark: advanced
260 _a[S.l.] :
_bCambridge University Press,
_c2007.
300 _a184 p. ;
650 _aEnglish language--Textbooks for foreign speakers.
650 _aEnglish language--Business English--Problems, exercises, etc.
650 _aBusiness writing--Problems, exercises, etc.
856 4 0 _uhttp://10.10.170.122:8080/browse/book/27199
_yDownload eBook
942 _cBK
_2ddc